[Event "10th LCC FIDE Open 2018"]
[Site "London"]
[Date "2018.12.16"]
[Round "9"]
[White "Eggleston, David J"]
[Black "Mihalik, Agoston"]
[Result "1-0"]
[WhiteElo "2397"]
[BlackElo "2220"]
[Annotator "NA"]
[PlyCount "209"]
[EventDate "2018.12.09"]
[EventType "swiss"]
[EventCountry "ENG"]
[SourceTitle "playchess.com"]
[Source "ChessBase"]
[SourceQuality "1"]
[TimeControl "40/5400+30:1800+30"]

1. e4 {[%emt 0:00:00]} c5 {[%emt 0:00:00]} 2. Nf3 {[%emt 0:00:00]} d6 {[%emt 0:00:00]} 3. d4 {[%emt 0:00:00]} cxd4 {[%emt 0:00:00]} 4. Nxd4 {[%emt 0:00:00]} Nf6 {[%emt 0:00:00]} 5. Nc3 {[%emt 0:00:00]} a6 {[%emt 0:00:00]} 6. h3 {[%emt 0:00:12]} e6 {[%emt 0:00:00]} 7. g4 {[%emt 0:00:04]} Be7 {[%emt 0:00:01] B81: Sicilian Scheveningen: Keres Attack} (7... h6 8. Bg2 g5 9. Be3 Nbd7 10. Qe2 Ne5 11. O-O-O Nfd7 12. h4 Rg8 13. hxg5 hxg5 14. Kb1 b5 15. f4 gxf4 16. Bxf4 Bb7 {½-½ (56) Karjakin,S (2773)-Mamedyarov,S (2801) Saint Louis 2018}) 8. g5 {[%emt 0:00:24]} Nfd7 {[%emt 0:00:04]} 9. h4 {[%emt 0:00:06]} b5 {[%emt 0:00:03]} 10. a3 {[%emt 0:00:45]} Bb7 {[%emt 0:00:08]} 11. Be3 {[%emt 0:00:26]} Nc6 {[%emt 0:00:24]} 12. Nxc6 {[%emt 0:01:17]} Bxc6 {[%emt 0:00:06]} 13. Qd4 {[%emt 0:00:30]} O-O {[%emt 0:00:38]} 14. O-O-O {[%emt 0:00:55]} Rb8 {[%emt 0:03:13]} 15. h5 {[%emt 0:01:51]} a5 {[%emt 0:18:47]} 16. h6 {[%emt 0:31:35]} e5 {[%emt 0:02:02]} 17. Qd2 {[%emt 0:04:05]} g6 {[%emt 0:00:30]} 18. Nd5 {[%emt 0:01:45]} Bxd5 {[%emt 0:03:04] [#]} 19. Qxd5 $146 {[%emt 0:00:05]} ({Predecessor:} 19. exd5) 19... b4 {[%emt 0:09:15]} 20. axb4 {[%emt 0:08:17]} axb4 {[%emt 0:13:12]} 21. Rg1 {[%emt 0:00:37]} Qc7 {[%emt 0:05:45]} 22. Bc4 {[%emt 0:05:57]} Ra8 {[%emt 0:04:03]} 23. Bb3 {[%emt 0:04:24]} Ra5 {[%emt 0:06:12]} 24. Qc4 {[%emt 0:01:19]} Qb7 {[%emt 0:02:30]} 25. Kd2 {[%emt 0:11:06]} Nc5 {[%emt 0:01:21]} 26. Bxc5 {[%emt 0:00:20]} Rxc5 {[%emt 0:00:49]} 27. Qd3 {[%emt 0:00:36]} Kh8 {[%emt 0:02:01]} 28. Bd5 {[%emt 0:08:05]} Qb6 {[%emt 0:00:32]} 29. Ra1 {[%emt 0:05:19]} Ra5 {[%emt 0:08:18]} 30. Raf1 {[%emt 0:00:42]} f6 {[%emt 0:02:30]} 31. gxf6 {[%emt 0:01:14]} Bxf6 {[%emt 0:01:35]} 32. Ke2 {[%emt 0:01:16]} Bh4 {[%emt 0:01:25]} 33. Qe3 {[%emt 0:00:55]} Rc5 {[%emt 0:00:26]} 34. Bb3 {[%emt 0:00:36]} Qc7 {[%emt 0:04:46]} 35. Qd2 {[%emt 0:02:18]} Qb7 {[%emt 0:03:02]} 36. Rg4 {[%emt 0:00:27]} Be7 {[%emt 0:00:32]} 37. Qd3 {[%emt 0:00:23]} Qd7 {[%emt 0:02:23]} 38. f3 {[%emt 0:02:06]} Rfc8 {[%emt 0:01:08]} 39. Ra1 {[%emt 0:00:34]} Bf8 {[%emt 0:00:59]} 40. Ra6 {[%emt 0:00:36]} Rd8 {[%emt 0:05:50]} 41. Rb6 {[%emt 0:31:23]} Bxh6 {[%emt 0:03:23]} 42. Rxb4 {[%emt 0:00:00]} Qa7 {[%emt 0:05:25]} 43. Ra4 {[%emt 0:00:00]} Ra5 {[%emt 0:00:30]} 44. Rxa5 {[%emt 0:00:00]} Qxa5 {[%emt 0:00:04]} 45. Rg1 {[%emt 0:00:00]} Bf4 {[%emt 0:01:11]} 46. Rb1 {[%emt 0:00:00]} h5 {[%emt 0:02:12]} 47. Be6 {[%emt 0:00:00]} Qb6 {[%emt 0:01:16]} 48. b4 {[%emt 0:00:00]} Bg3 {[%emt 0:00:30]} 49. Qe3 {[%emt 0:00:00]} Qxe3+ {[%emt 0:01:51]} 50. Kxe3 {[%emt 0:00:00]} Rb8 {[%emt 0:04:52]} 51. b5 {[%emt 0:00:00]} Rb6 {[%emt 0:00:05]} 52. c4 {[%emt 0:00:00]} h4 {[%emt 0:03:25]} 53. Ra1 {[%emt 0:00:00]} Bh2 {[%emt 0:01:24]} 54. Kf2 {[%emt 0:00:00]} Bg3+ {[%emt 0:00:06]} 55. Kg2 {[%emt 0:00:00]} Bf4 {[%emt 0:00:04]} 56. Kh3 {[%emt 0:00:00]} Be3 {[%emt 0:04:28]} 57. Ra7 {[%emt 0:00:00]} Rb8 {[%emt 0:00:27]} 58. Ra6 {[%emt 0:00:00]} Bc5 {[%emt 0:00:51]} 59. Kxh4 {[%emt 0:00:00]} Kg7 {[%emt 0:00:10]} 60. Kg3 {[%emt 0:00:00]} Kf6 {[%emt 0:00:33]} 61. Bd5 {[%emt 0:00:00]} Kg5 {[%emt 0:00:04]} 62. Rc6 {[%emt 0:00:00]} Kh5 {[%emt 0:03:05]} 63. Rc7 {[%emt 0:01:13]} Kg5 {[%emt 0:00:33]} 64. Rf7 {[%emt 0:04:04]} Be3 {[%emt 0:00:25]} 65. Kg2 {[%emt 0:00:33]} Bd4 {[%emt 0:00:34]} 66. Rh7 {[%emt 0:00:25]} Be3 {[%emt 0:00:57]} 67. Kf1 {[%emt 0:00:23]} Bd4 {[%emt 0:00:18]} 68. Ke2 {[%emt 0:00:06]} Bc5 {[%emt 0:00:07]} 69. Kf1 {[%emt 0:03:18]} Bd4 {[%emt 0:00:05]} 70. Kg2 {[%emt 0:00:21]} Bc5 {[%emt 0:00:35]} 71. Rd7 {[%emt 0:00:20]} Kh5 {[%emt 0:00:22]} 72. Bc6 {[%emt 0:01:37]} Kg5 {[%emt 0:00:20]} 73. Kg3 {[%emt 0:01:09]} Bb4 {[%emt 0:00:11]} ({Black should try} 73... Rh8 $1 $11) 74. Rh7 {[%emt 0:00:43]} Bc5 {[%emt 0:00:15]} 75. Kg2 {[%emt 0:00:14]} Bd4 {[%emt 0:00:27]} 76. Rh3 {[%emt 0:00:08]} Kf6 {[%emt 0:01:32]} 77. Rh4 {[%emt 0:01:50]} Be3 {[%emt 0:00:21]} 78. Kf1 {[%emt 0:00:07]} Bg5 {[%emt 0:02:33]} 79. Rg4 {[%emt 0:00:06]} Be3 {[%emt 0:00:42]} 80. Ke2 {[%emt 0:00:14]} Bc1 {[%emt 0:01:12]} (80... Bc5 $14) 81. Kd3 {[%emt 0:00:23]} Ba3 {[%emt 0:01:00]} 82. f4 {[%emt 0:00:18]} exf4 {[%emt 0:01:09]} 83. Rxf4+ {[%emt 0:00:01]} Kg5 {[%emt 0:00:18]} 84. Rf7 {[%emt 0:00:16]} Bc5 {[%emt 0:00:19]} 85. e5 {[%emt 0:03:50]} dxe5 {[%emt 0:00:14]} 86. Ke4 {[%emt 0:00:04]} Bd4 {[%emt 0:00:49]} 87. Kd5 {[%emt 0:00:06]} Kh4 {[%emt 0:00:41]} 88. c5 {[%emt 0:00:06]} g5 {[%emt 0:00:10]} 89. b6 {[%emt 0:00:40]} g4 {[%emt 0:00:57]} 90. b7 {[%emt 0:00:11]} g3 {[%emt 0:00:28]} 91. Kd6 {[%emt 0:00:13]} Kh3 {[%emt 0:02:46]} 92. Rh7+ {[%emt 0:00:31]} Kg4 {[%emt 0:00:04]} 93. Bg2 {[%emt 0:04:24]} e4 {[%emt 0:00:57]} 94. Bxe4 {[%emt 0:00:37]} Kf4 {[%emt 0:00:36]} 95. Bg2 {[%emt 0:00:14]} Be5+ {[%emt 0:00:24]} 96. Kc6 {[%emt 0:00:31]} Re8 {[%emt 0:01:20]} 97. Rh4+ {[%emt 0:00:15]} Ke3 {[%emt 0:00:38]} 98. Re4+ {[%emt 0:00:06]} Kf2 {[%emt 0:00:02]} 99. Rxe5 {[%emt 0:00:12]} Rxe5 {[%emt 0:00:02]} 100. b8=Q {[%emt 0:00:09]} Rxc5+ {[%emt 0:00:06]} 101. Kxc5 {[%emt 0:00:08]} Kxg2 {[%emt 0:00:03]} 102. Kd4 {[%emt 0:01:50]} Kh1 {[%emt 0:00:38]} 103. Ke3 {[%emt 0:00:18]} g2 {[%emt 0:00:09]} 104. Qh8+ {[%emt 0:00:02]} Kg1 {[%emt 0:00:04]} 105. Kf3 {[%emt 0:00:04]} 1-0

[Event "10th LCC FIDE Open 2018"]
[Site "London"]
[Date "2018.12.16"]
[Round "9"]
[White "Lewtak, Damian"]
[Black "Mihajlov, Sebastian"]
[Result "1/2-1/2"]
[WhiteElo "2393"]
[BlackElo "2358"]
[Annotator "NA"]
[PlyCount "27"]
[EventDate "2018.12.09"]
[EventType "swiss"]
[EventCountry "ENG"]
[SourceTitle "playchess.com"]
[Source "ChessBase"]
[SourceQuality "1"]
[TimeControl "40/5400+30:1800+30"]

1. c4 {[%emt 0:00:00]} Nf6 {[%emt 0:06:32]} 2. Nf3 {[%emt 0:00:00]} g6 {[%emt 0:01:13]} 3. Nc3 {[%emt 0:00:09]} Bg7 {[%emt 0:00:06]} 4. d4 {[%emt 0:00:18]} O-O {[%emt 0:00:08]} 5. e4 {[%emt 0:00:39]} d6 {[%emt 0:00:06]} 6. Be2 {[%emt 0:01:43]} e5 {[%emt 0:00:09]} 7. dxe5 {[%emt 0:00:35]} dxe5 {[%emt 0:00:06]} 8. Qxd8 {[%emt 0:00:10]} Rxd8 {[%emt 0:00:06]} 9. Bg5 {[%emt 0:00:04]} Re8 {[%emt 0:01:14]} 10. Nd5 {[%emt 0:00:31]} Nxd5 {[%emt 0:00:22]} 11. cxd5 {[%emt 0:00:05]} c6 {[%emt 0:00:33]} 12. Bc4 {[%emt 0:00:42]} b5 {[%emt 0:00:55]} 13. Bb3 {[%emt 0:00:39]} Bb7 {[%emt 0:00:17]} 14. Rd1 {[%emt 0:00:39]} 1/2-1/2

[Event "10th LCC FIDE Open 2018"]
[Site "London"]
[Date "2018.12.16"]
[Round "9"]
[White "D`Costa, Lorin A R"]
[Black "Cornette, Matthieu"]
[Result "0-1"]
[WhiteElo "2390"]
[BlackElo "2597"]
[Annotator "TA"]
[PlyCount "44"]
[EventDate "2018.12.09"]
[EventType "swiss"]
[EventCountry "ENG"]
[SourceTitle "playchess.com"]
[Source "ChessBase"]
[SourceQuality "1"]

{[%evp 20,44,0,0,0,0,0,0,1,0,0,0,-7,0,0,-15,-3,-8,0,-66,-40,-75,-82,-108,-81,-261,-259]} 1. Nf3 e6 2. b3 d5 3. Bb2 Nf6 4. c4 c5 5. e3 Nc6 6. cxd5 exd5 7. Bb5 Bd6 8. O-O O-O {A13: English Opening: 1...e6} 9. d4 cxd4 10. Nxd4 Bc7 11. Be2 {LiveBook: 5 Games} Qd6 {[%csl Gc7][%cal Rd6h2] [#]} 12. g3 Bb6 13. Ba3 Qe5 {[%cal Rc6d4]} 14. Bxf8 Kxf8 15. Nd2 Nxd4 16. exd4 Qxd4 {[#]} 17. Kg2 $146 Bf5 18. Nf3 Qe4 $36 {[%mdl 2048] Black is more active.} 19. Rc1 ({Better is} 19. Qd2 $11) 19... Rd8 {[%mdl 1024] Black has compensation.} 20. Kg1 Bh3 21. Bd3 Qb4 22. Re1 $2 {[#]} (22. Rc2 $17 {was necessary.}) 22... Bxf2+ $1 {[%mdl 512]} 0-1

[Event "10th LCC FIDE Open 2018"]
[Site "London"]
[Date "2018.12.16"]
[Round "9"]
[White "Lacasa Diaz, Jose Antonio"]
[Black "Hawkins, Jonathan"]
[Result "0-1"]
[WhiteElo "2389"]
[BlackElo "2583"]
[Annotator "TA"]
[PlyCount "42"]
[EventDate "2018.12.09"]
[EventType "swiss"]
[EventCountry "ENG"]
[SourceTitle "playchess.com"]
[Source "ChessBase"]
[SourceQuality "1"]

{[%evp 17,42,8,36,27,18,22,20,29,10,0,0,0,17,-34,-34,-22,-31,-21,-29,-47,-18,-102,-96,-339,-320,-652,-661]} 1. d4 Nf6 2. Bf4 d5 3. e3 c5 4. dxc5 (4. Nd2 Nc6 5. Ngf3 e6 6. c3 Be7 7. Ne5 O-O 8. Bd3 Bd6 9. Ndf3 Qc7 10. h4 Ne4 11. Qc2 f6 12. Nxc6 Bxf4 13. exf4 Qxc6 14. dxc5 f5 15. b4 Qc7 16. Ne5 {0-1 (34) Wei,Y (2729)-So,W (2780) chess.com INT 2018}) 4... Nc6 5. Bb5 e6 6. b4 {D00: 1 d4 d5: Unusual lines} a5 7. c3 Bd7 8. Qb3 Nh5 9. Ne2 Nxf4 {LiveBook: 4 Games} 10. Nxf4 g5 11. Nh5 g4 12. Nd2 $146 Qg5 13. Nf4 Bg7 14. Rc1 O-O 15. O-O (15. a3 $11) 15... axb4 $1 $15 16. Bxc6 $1 Bxc6 17. cxb4 Bb5 $36 {[%mdl 2048] Black has good play.} 18. Rfe1 Ra6 {Hoping for ...Rfa8.} 19. Qb1 (19. Nb1 $11 {remains equal.}) 19... Rfa8 $17 20. Nb3 $2 {[#]} (20. Rc2 $17) 20... Rxa2 $19 21. Na5 $2 (21. Rc2 R2a3 22. Na5) 21... Rb2 {Accuracy: White = 21%, Black = 71%.} 0-1

[Event "10th LCC FIDE Open 2018"]
[Site "London"]
[Date "2018.12.16"]
[Round "9"]
[White "Milliet, Sophie"]
[Black "Turner, Matthew J"]
[Result "1/2-1/2"]
[WhiteElo "2376"]
[BlackElo "2533"]
[Annotator "TA"]
[PlyCount "40"]
[EventDate "2018.12.09"]
[EventType "swiss"]
[EventCountry "ENG"]
[SourceTitle "playchess.com"]
[Source "ChessBase"]
[SourceQuality "1"]

{[%evp 23,40,14,26,16,18,26,24,12,10,19,41,15,14,8,8,9,49,37,31]} 1. e4 e5 2. Nf3 Nc6 3. Bc4 Bc5 4. O-O Nf6 5. d3 d6 6. c3 O-O 7. a4 a6 8. Re1 {C54: Giuoco Piano: 4 c3 Nf6, main lines with 5 d4 and 5 d3} h6 (8... Ba7 9. h3 Kh8 10. d4 h6 11. dxe5 Nxe5 12. Nxe5 dxe5 13. Qxd8 Rxd8 14. Nd2 Kg8 15. Nf3 {½-½ (31) Anand,V (2771)-Aronian,L (2780) Batumi 2018}) 9. Nbd2 {[%cal Bb1d2,Bd2f1,Bf1g3][%mdl 32]} Ba7 10. Nf1 Ne7 11. Ng3 Ng6 12. h3 c6 {LiveBook: 21 Games} 13. Bb3 d5 14. exd5 Nxd5 {[#]} 15. d4 $146 exd4 16. Nxd4 Ndf4 17. Qf3 Bxd4 18. Bxf4 Be6 $1 19. Bc2 {[#] Bxg6 is the strong threat.} Bd5 20. Be4 Be5 1/2-1/2

[Event "10th LCC FIDE Open 2018"]
[Site "London"]
[Date "2018.12.16"]
[Round "9"]
[White "Bates, Richard A"]
[Black "Brooks, Phil J"]
[Result "1/2-1/2"]
[WhiteElo "2372"]
[BlackElo "2184"]
[Annotator "NA"]
[PlyCount "141"]
[EventDate "2018.12.09"]
[EventType "swiss"]
[EventCountry "ENG"]
[SourceTitle "playchess.com"]
[Source "ChessBase"]
[SourceQuality "1"]
[TimeControl "40/5400+30:1800+30"]

1. d4 {[%emt 0:00:40]} e6 {[%emt 0:00:00]} 2. Nf3 {[%emt 0:00:23]} d5 {[%emt 0:00:00]} 3. e3 {[%emt 0:01:27]} c5 {[%emt 0:00:42]} 4. b3 {[%emt 0:01:05]} Nc6 {[%emt 0:01:21]} 5. Bd3 {[%emt 0:01:45]} Nf6 {[%emt 0:01:07]} 6. O-O {[%emt 0:00:37]} Bd6 {[%emt 0:00:23]} 7. Bb2 {[%emt 0:00:41]} O-O {[%emt 0:01:20]} 8. Nbd2 {[%emt 0:03:46]} b6 {[%emt 0:00:17]} 9. a3 {[%emt 0:11:45]} Bb7 {[%emt 0:00:32]} 10. Qe2 {[%emt 0:00:08]} Qc7 {[%emt 0:14:34]} 11. dxc5 {[%emt 0:12:51]} bxc5 {[%emt 0:08:48]} 12. e4 {[%emt 0:04:06]} Ne5 {[%emt 0:09:53]} 13. Nxe5 {[%emt 0:12:30]} Bxe5 {[%emt 0:00:07]} 14. Bxe5 {[%emt 0:00:06]} Qxe5 {[%emt 0:00:04]} 15. exd5 {[%emt 0:00:06]} Qxe2 {[%emt 0:00:06]} 16. Bxe2 {[%emt 0:00:07]} Bxd5 {[%emt 0:00:36]} 17. Bf3 {[%emt 0:03:35]} Rad8 {[%emt 0:08:34]} 18. Rfd1 {[%emt 0:07:03]} Rd7 {[%emt 0:10:25]} 19. Kf1 {[%emt 0:12:37]} Rfd8 {[%emt 0:00:45]} 20. Ke1 {[%emt 0:00:05]} Bxf3 {[%emt 0:09:34]} 21. Nxf3 {[%emt 0:00:25]} Ne4 {[%emt 0:00:47]} 22. Rxd7 {[%emt 0:05:53]} Rxd7 {[%emt 0:00:03]} 23. Ne5 {[%emt 0:00:19]} Rd6 {[%emt 0:00:34]} 24. Rd1 {[%emt 0:00:29]} Rxd1+ {[%emt 0:10:24]} 25. Kxd1 {[%emt 0:00:06]} Nxf2+ {[%emt 0:00:04]} 26. Ke2 {[%emt 0:00:17]} Ne4 {[%emt 0:00:09]} 27. Nc6 {[%emt 0:02:33]} a6 {[%emt 0:01:51]} 28. Nb8 {[%emt 0:00:08]} a5 {[%emt 0:02:27]} 29. Nc6 {[%emt 0:00:10]} a4 {[%emt 0:04:32]} 30. bxa4 {[%emt 0:00:04]} Nc3+ {[%emt 0:02:30]} 31. Kd3 {[%emt 0:00:41]} Nxa4 {[%emt 0:00:05]} 32. Kc4 {[%emt 0:00:08]} f6 {[%emt 0:00:55]} 33. Kb5 {[%emt 0:03:53]} Nc3+ {[%emt 0:01:00]} 34. Kxc5 {[%emt 0:00:14]} e5 {[%emt 0:00:10]} 35. Kc4 {[%emt 0:01:41]} Na4 {[%emt 0:02:00]} 36. Kb4 {[%emt 0:01:18]} Nb6 {[%emt 0:00:10]} 37. a4 {[%emt 0:02:39]} e4 {[%emt 0:03:14]} 38. a5 {[%emt 0:01:06]} Nc8 {[%emt 0:06:17]} 39. a6 {[%emt 0:04:54]} Kf7 {[%emt 0:02:16]} 40. a7 {[%emt 0:00:41]} Nb6 {[%emt 0:00:08]} 41. Kb5 {[%emt 0:33:08]} Na8 {[%emt 0:30:08]} 42. Nd4 {[%emt 0:00:00]} g6 {[%emt 0:00:00]} 43. Kc6 {[%emt 0:00:00]} Ke7 {[%emt 0:00:00]} 44. g4 {[%emt 0:00:00]} e3 {[%emt 0:00:00]} 45. c4 {[%emt 0:00:00]} Kd8 {[%emt 0:00:00]} 46. c5 {[%emt 0:00:00]} Kc8 {[%emt 0:00:00]} 47. Ne2 {[%emt 0:00:00]} h5 {[%emt 0:00:00]} 48. gxh5 {[%emt 0:00:00]} gxh5 {[%emt 0:00:00]} 49. h4 {[%emt 0:00:00]} Nc7 {[%emt 0:01:29]} 50. Nd4 {[%emt 0:06:31]} Na8 {[%emt 0:01:06]} 51. Kd6 {[%emt 0:00:28]} Kb7 {[%emt 0:00:14]} 52. Ke6 {[%emt 0:00:52]} Kxa7 {[%emt 0:01:11]} 53. Kxf6 {[%emt 0:00:03]} Kb7 {[%emt 0:00:41]} 54. Kg5 {[%emt 0:00:13]} Nc7 {[%emt 0:00:40]} 55. Kxh5 {[%emt 0:01:06]} Ne6 {[%emt 0:00:07]} 56. Ne2 {[%emt 0:00:47]} Kc6 {[%emt 0:00:46]} 57. Kg6 {[%emt 0:00:35]} Kxc5 {[%emt 0:00:08]} 58. h5 {[%emt 0:00:24]} Kd6 {[%emt 0:01:48]} 59. Kf6 {[%emt 0:00:27]} Nf8 {[%emt 0:01:02]} 60. Ng3 {[%emt 0:00:30]} Kd7 {[%emt 0:00:24]} 61. h6 {[%emt 0:00:29]} Ke8 {[%emt 0:00:14]} 62. Ne2 {[%emt 0:00:27]} Nh7+ {[%emt 0:01:13]} 63. Kg7 {[%emt 0:00:33]} Ng5 {[%emt 0:00:09]} 64. Kg6 {[%emt 0:00:09]} Nf7 {[%emt 0:00:16]} 65. h7 {[%emt 0:00:28]} Kf8 {[%emt 0:00:09]} 66. Kf6 {[%emt 0:00:54]} Nh8 {[%emt 0:00:15]} 67. Nf4 {[%emt 0:01:08]} Nf7 {[%emt 0:00:06]} 68. Ng6+ {[%emt 0:00:39]} Ke8 {[%emt 0:00:06]} 69. Ne5 {[%emt 0:00:37]} Nh8 {[%emt 0:00:28]} 70. Kg7 {[%emt 0:00:29]} e2 {[%emt 0:00:08]} 71. Nf3 {[%emt 0:00:19]} 1/2-1/2

[Event "10th LCC FIDE Open 2018"]
[Site "London"]
[Date "2018.12.16"]
[Round "9"]
[White "Lane, Gary W"]
[Black "Lim, Zhuo Ren"]
[Result "1-0"]
[WhiteElo "2353"]
[BlackElo "2184"]
[Annotator "NA"]
[PlyCount "44"]
[EventDate "2018.12.09"]
[EventType "swiss"]
[EventCountry "ENG"]
[SourceTitle "playchess.com"]
[Source "ChessBase"]
[SourceQuality "1"]
[TimeControl "40/5400+30:1800+30"]

1. e4 {[%emt 0:00:00]} e6 {[%emt 0:16:47]} 2. d4 {[%emt 0:00:08]} d5 {[%emt 0:00:11]} 3. Nd2 {[%emt 0:00:05]} c5 {[%emt 0:00:14]} 4. exd5 {[%emt 0:00:18]} Qxd5 {[%emt 0:00:20]} 5. Ngf3 {[%emt 0:00:08]} cxd4 {[%emt 0:00:15]} 6. Bc4 {[%emt 0:00:05]} Qd7 {[%emt 0:00:13]} 7. O-O {[%emt 0:02:52]} Nc6 {[%emt 0:00:12]} 8. Nb3 {[%emt 0:00:06]} Nf6 {[%emt 0:00:10]} 9. Qe2 {[%emt 0:00:05]} a6 {[%emt 0:00:15]} 10. a4 {[%emt 0:03:13]} Qc7 {[%emt 0:02:14]} 11. Nbxd4 {[%emt 0:03:00]} Nxd4 {[%emt 0:00:07]} 12. Nxd4 {[%emt 0:00:08]} Bd6 {[%emt 0:00:16]} 13. h3 {[%emt 0:02:06]} O-O {[%emt 0:00:18]} 14. Bg5 {[%emt 0:02:41]} Bd7 {[%emt 0:02:41]} 15. c3 {[%emt 0:05:48]} Rac8 {[%emt 0:01:31]} 16. Bb3 {[%emt 0:05:01]} Bf4 {[%emt 0:02:04]} 17. Bh4 {[%emt 0:06:11]} Kh8 {[%emt 0:06:01]} 18. Rad1 {[%emt 0:04:03]} Bc6 {[%emt 0:15:56]} 19. Bc2 {[%emt 0:13:21]} Rg8 {[%emt 0:15:51]} 20. Nxc6 {[%emt 0:25:14]} Qxc6 {[%emt 0:00:06]} 21. Bxf6 {[%emt 0:03:03]} gxf6 {[%emt 0:00:05]} 22. Qe4 {[%emt 0:00:05]} Rxg2+ {[%emt 0:00:34]} 1-0

[Event "10th LCC FIDE Open 2018"]
[Site "London"]
[Date "2018.12.16"]
[Round "9"]
[White "Gullaksen, Eirik"]
[Black "Smith, Andrew Philip"]
[Result "1-0"]
[WhiteElo "2349"]
[BlackElo "2157"]
[Annotator "NA"]
[PlyCount "110"]
[EventDate "2018.12.09"]
[EventType "swiss"]
[EventCountry "ENG"]
[SourceTitle "playchess.com"]
[Source "ChessBase"]
[SourceQuality "1"]
[TimeControl "40/5400+30:1800+30"]

1. e4 {[%emt 0:00:00]} e5 {[%emt 0:15:35]} 2. Nf3 {[%emt 0:00:00]} d6 {[%emt 0:01:08]} 3. d4 {[%emt 0:00:57]} Nd7 {[%emt 0:01:29]} 4. Bc4 {[%emt 0:01:28]} Qf6 {[%emt 0:05:39]} 5. Nc3 {[%emt 0:04:52]} c6 {[%emt 0:00:09]} 6. h4 {[%emt 0:11:26]} h6 {[%emt 0:01:58]} 7. Be3 {[%emt 0:01:23]} Be7 {[%emt 0:03:25]} 8. Qd2 {[%emt 0:13:18]} Bd8 {[%emt 0:01:38]} 9. O-O-O {[%emt 0:00:30]} Qe7 {[%emt 0:00:24]} 10. h5 {[%emt 0:04:24]} Ba5 {[%emt 0:24:36]} 11. Nh4 {[%emt 0:07:53]} Ndf6 {[%emt 0:00:40]} 12. f3 {[%emt 0:02:14]} Nxh5 {[%emt 0:01:46]} 13. g4 {[%emt 0:00:32]} Nf4 {[%emt 0:02:20]} 14. Bxf4 {[%emt 0:03:38]} exf4 {[%emt 0:00:13]} 15. Nf5 {[%emt 0:00:43]} Bxf5 {[%emt 0:00:32]} 16. gxf5 {[%emt 0:00:31]} O-O-O {[%emt 0:01:59]} 17. Rhg1 {[%emt 0:06:57]} Qf6 {[%emt 0:07:36]} 18. Qxf4 {[%emt 0:01:59]} Bxc3 {[%emt 0:01:37]} 19. bxc3 {[%emt 0:05:05]} g5 {[%emt 0:00:21]} 20. Qg3 {[%emt 0:01:51]} Ne7 {[%emt 0:00:15]} 21. Bd3 {[%emt 0:00:27]} c5 {[%emt 0:13:58]} 22. e5 {[%emt 0:02:42]} dxe5 {[%emt 0:00:07]} 23. dxe5 {[%emt 0:00:20]} Qb6 {[%emt 0:00:42]} 24. Bc4 {[%emt 0:06:25]} Qa5 {[%emt 0:01:00]} 25. Bxf7 {[%emt 0:06:31]} Qxc3 {[%emt 0:00:42]} 26. Kb1 {[%emt 0:00:28]} Qb4+ {[%emt 0:02:18]} 27. Bb3 {[%emt 0:00:12]} Nd5 {[%emt 0:02:07]} 28. Rxd5 {[%emt 0:02:44]} Rxd5 {[%emt 0:00:05]} 29. a3 {[%emt 0:04:17]} Qb6 {[%emt 0:00:46]} 30. Ka2 {[%emt 0:00:50]} Rd2 {[%emt 0:01:38]} 31. Rb1 {[%emt 0:01:44]} c4 {[%emt 0:00:18]} 32. Ba4 {[%emt 0:00:34]} Qa5 {[%emt 0:03:48]} 33. Rb4 {[%emt 0:00:40]} Qd5 {[%emt 0:00:12]} 34. Qg4 {[%emt 0:02:22]} Rd4 {[%emt 0:00:09]} 35. Qg3 {[%emt 0:01:14]} Rd1 {[%emt 0:00:47]} 36. f6 {[%emt 0:02:38]} h5 {[%emt 0:03:13]} 37. Qxg5 {[%emt 0:00:53]} Qd4 {[%emt 0:00:44]} 38. Rb2 {[%emt 0:00:54]} c3 {[%emt 0:00:49]} 39. Rb4 {[%emt 0:00:20]} Qd5+ {[%emt 0:02:02]} 40. Bb3 {[%emt 0:00:18]} Qd2 {[%emt 0:00:23]} 41. Qf4 {[%emt 0:11:46]} Qe1 {[%emt 0:06:00]} 42. Be6+ {[%emt 0:00:17]} Kb8 {[%emt 0:00:24]} 43. f7 {[%emt 0:04:27]} Rf8 {[%emt 0:06:04]} 44. Rxb7+ {[%emt 0:02:16]} Kxb7 {[%emt 0:02:45]} 45. Qb4+ {[%emt 0:00:08]} Kc6 {[%emt 0:00:26]} 46. Qc4+ {[%emt 0:01:52]} Kb6 {[%emt 0:00:14]} 47. Qb4+ {[%emt 0:00:05]} Kc6 {[%emt 0:00:07]} 48. Qxf8 {[%emt 0:04:48]} Ra1+ {[%emt 0:03:04]} 49. Kb3 {[%emt 0:00:06]} Qb1+ {[%emt 0:03:48]} 50. Kxc3 {[%emt 0:00:11]} Qe1+ {[%emt 0:00:15]} 51. Kb2 {[%emt 0:05:10]} Qxe5+ {[%emt 0:11:54]} 52. c3 {[%emt 0:00:18]} Rd1 {[%emt 0:00:16]} 53. Qe8+ {[%emt 0:01:25]} Kb6 {[%emt 0:00:06]} 54. Bb3 {[%emt 0:00:16]} Rd2+ {[%emt 0:01:46]} 55. Bc2 {[%emt 0:00:15]} Qf5 {[%emt 0:01:13]} 1-0